| 000 | 01619cam a2200325 a 4500 | ||
|---|---|---|---|
| 999 |
_c129615 _d129615 |
||
| 001 | 14516131 | ||
| 003 | ARRUPE | ||
| 005 | 20190521114116.0 | ||
| 008 | 060824s2007 nyua b 001 0 eng | ||
| 010 | _a 2006027599 | ||
| 020 | _a9780393060959 (hardcover) | ||
| 020 | _a0393060950 (hardcover) | ||
| 035 | _a(OCoLC)ocm71243832 | ||
| 035 | _a(OCoLC)71243832 | ||
| 040 |
_aDLC _cDLC _dYDX _dBAKER _dYDXCP _dZS3 _dNPL _dBTCTA _dVP@ _dDLC |
||
| 050 | 0 | 0 |
_aJC585 _b.H89 2007 |
| 082 | 0 | 0 |
_a323.09 _222 |
| 100 | 1 |
_aHunt, Lynn, _d1945- _946434 |
|
| 245 | 1 | 0 |
_aInventing human rights : _ba history / _cLynn Hunt. |
| 250 | _a1st ed. | ||
| 260 |
_aNew York : _bW.W. Norton & Co., _cc2007. |
||
| 300 |
_a272 p. : _bill. ; _c22 cm. |
||
| 504 | _aIncludes bibliographical references (p. [230]-260) and index. | ||
| 505 | 0 | _a"Torrents of emotion" : reading novels and imagining equality -- "Bone of their bone" : abolishing torture -- "They have set a great example" : declaring rights -- "There will be no end of it" : the consequences of declaring -- "The soft power of humanity" : why human rights failed, only to succeed in the long run. | |
| 650 | 0 |
_aHuman rights _xHistory. _946435 |
|
| 650 | 0 |
_aHuman rights in literature. _946436 |
|
| 650 | 0 |
_aTorture _xHistory. _946437 |
|
| 856 | 4 | 1 |
_3Table of contents only _uhttp://www.loc.gov/catdir/toc/ecip0620/2006027599.html |
| 906 |
_a7 _bcbc _corignew _d1 _eecip _f20 _gy-gencatlg |
||
| 942 |
_2lcc _cMONOGRAPH |
||